Los pilares constitucionales de 1949 /

Guardat en:
Dades bibliogràfiques
Autor principal: Castro Vega, Oscar
Format: Text
Matèries:
Etiquetes: Afegir etiqueta
Sense etiquetes, Sigues el primer a etiquetar aquest registre!

MARC

LEADER 00000 a a2200000 04500
001 17153
003
040
100 |a Castro Vega, Oscar  
245 |a Los pilares constitucionales de 1949 /  |c Oscar Castro Vega 
650 |a REFORMA CONSTITUCIONAL  
650 |a IDEOLOGIAS POLITICAS  
650 |a PARTIDOS POLITICOS  
650 |a PARTICIPACION POLITICA  
650 |a SISTEMAS POLITICOS  
773 |g volumen 7, número 2; páginas 383-410  
999 |c 38379  |d 38379